000 01049nas a2200349 4500
001 BR0804469
003 BR-BrBNA
005 20231205112345.0
007 ta
008 230509b bl.|||p| |||| 00| 00por d
040 _aBR-BrBNA
_bpor
_cBiblioteca Nacional de Agricultura
041 _a(Pt)
072 _aQ54
100 1 _aCarvalho, G.G.P. de
100 1 _aGarcia, R.
100 1 _aPires, A.J.V.
100 1 _aPereira, O.G.
100 1 _aAzevêdo, J.A.G.
100 1 _aCarvalho, B.M.A. de
100 1 _aCavali, J.
245 1 _aValor nutritivo de silagens de capim-elefante emurchecido ou com adição de farelo de cacau
650 _aCAPIM ELEFANTE
650 _aSILAGEM
650 _aFARELO
650 _aCACAU
650 _aVALOR NUTRITIVO
650 _aCOMPOSIÇÃO QUÍMICA
650 _aDIGESTIBILIDADE IN VITRO
773 0 _tRevista Brasileira de Zootecnia (Brazil)
_xISSN 1516-3598
_g(Sep-Oct 2007), v. 36(5)suplemento p. 1495-1501
_wBR0804469
909 _a202311
_bLúcia
_c55
_dLúcia Elande
942 _2AGRIS
_n0
_cANA
999 _c197616
_d197616